000 00354nam a2200145Ia 4500
008 230711s9999||||xx |||||||||||||| ||und||
041 _aENG
082 _a621
_bSA-L
100 _aSams,Madhu
245 0 _aLinear circuit analysis
250 _a1st Ed.
260 _c1991
_aNew Delhi
_bPradeep publishers
650 _aElectronics Engineering
942 _cBK
999 _c2989
_d2989